Statistiken für Teilnehmer der ersten Fußball WM

Klicken Sie hier um das Quiz zu spielen!

Allgemein

  • Dieses Quiz wurde 264 mal gespielt
  • Das Durchschnittsergebnis liegt bei 10 aus 13

Antwortstatistiken

KontinentAntwort% Korrekt
SüdamerikaBrasilien
97%
SüdamerikaArgentinien
96%
SüdamerikaUruguay
96%
NordamerikaVereinigte Staaten
94%
NordamerikaMexiko
92%
EuropaFrankreich
90%
SüdamerikaChile
84%
SüdamerikaPeru
83%
SüdamerikaParaguay
73%
SüdamerikaBolivien
72%
EuropaBelgien
61%
EuropaJugoslawien
50%
EuropaRumänien
39%

Verteilung der Resultate

Perzentil nach korrekt beantworteten Fragen

Anzahl Personen mit jedem Resultat

Ihre Resultats-Entwicklung

Sie haben dieses Quiz noch nicht gespielt